Statistiques concernant Le plateau de fruits de mer

Cliquez ici pour prendre le quiz!

Statistiques générales

  • Ce quiz a été pris 81 fois
  • Le résultat moyen est 9 sur 12

Statistiques - réponses

Réponse% Correct
huitre
94%
tourteau
94%
homard
92%
moule
85%
crevette
79%
langouste
76%
langoustine
75%
araignée de mer
71%
palourde
71%
bulot
68%
bigorneau
63%
écrevisse
61%

Distribution des résultats

Percentile par nombre de réponses

% des personnes avec chaque résultat

Votre développement - résultats

Vous n’avez pas pris ce quiz